Informácia o lotérii pokladničných dokladov - bločková lotéria

Legislatívna úprava bločkovej lotérie. Praktický postup zaradenia účastníka do lotérie pokladničných dokladov. Ilustračné príkklady.

Gespeichert in:
Bibliographische Detailangaben
1. Verfasser: Jurčíková, Božena
Weitere Verfasser: Jurčík, Peter
Format: Buchkapitel
Sprache:Slowakisch
Schlagworte:
Tags: Tag hinzufügen
Keine Tags, Fügen Sie das erste Tag hinzu!

MARC

LEADER 00000naa a2200000 4500
001 0178257
005 20231207112106.8
041 0 |a slo 
044 |a SK 
245 1 0 |a Informácia o lotérii pokladničných dokladov - bločková lotéria  |c Božena Jurčíková, Peter Jurčík 
520 |a Legislatívna úprava bločkovej lotérie. Praktický postup zaradenia účastníka do lotérie pokladničných dokladov. Ilustračné príkklady. 
610 2 0 |a správa finančná 
610 2 0 |a lotérie 
610 2 0 |a legislatíva 
610 2 0 |a Slovensko 
610 2 0 |a pokladnice registračné 
100 1 |a Jurčíková, Božena 
700 1 |a Jurčík, Peter